Pháp lệnh Thể dục, thể thao

保存先:
書誌詳細
第一著者: Việt Nam (Cộng Hòa Xã Hội Chủ Nghĩa)
フォーマット: 図書
言語:Undetermined
出版事項: Chính trị quốc gia 2000
主題:
オンライン・アクセス:http://lrc.tdmu.edu.vn/opac/search/detail.asp?aID=2&ID=14376
タグ: タグ追加
タグなし, このレコードへの初めてのタグを付けませんか!
Thư viện lưu trữ: Trung tâm Học liệu Trường Đại học Thủ Dầu Một
LEADER 00734nam a2200181Ia 4500
001 TDMU_14376
008 210410s9999 xx 000 0 und d
082 |a 344.597 
090 |b V308 
100 |a Việt Nam (Cộng Hòa Xã Hội Chủ Nghĩa) 
245 0 |a Pháp lệnh Thể dục, thể thao 
245 0 |c Việt Nam (Cộng Hòa Xã Hội Chủ Nghĩa) 
260 |b Chính trị quốc gia 
260 |c 2000 
300 |a 37 tr. 
650 |a Pháp lệnh; Pháp luật  |z Việt Nam ; Thể dục - Thể thao  |v Pháp lệnh  |z Việt Nam  
856 |u http://lrc.tdmu.edu.vn/opac/search/detail.asp?aID=2&ID=14376 
980 |a Trung tâm Học liệu Trường Đại học Thủ Dầu Một